Bài giảng môn học công trình xử lý nước thải = Wastewater treatment works

Bài giảng đặc trọng tâm về nguyên lý tính toán và thiết kế cơ bản cho một số hạng mục công trình xử lý nước thải.

Сохранить в:
Библиографические подробности
Главный автор: Lê, Anh Tuấn
Формат:
Язык:Undetermined
Опубликовано: Cần Thơ Đại học Cần Thơ 2000
Предметы:
Метки: Добавить метку
Нет меток, Требуется 1-ая метка записи!
Thư viện lưu trữ: Trung tâm Học liệu Trường Đại học Cần Thơ
LEADER 00956nam a2200217Ia 4500
001 CTU_142617
008 210402s9999 xx 000 0 und d
082 |a 628.4 
082 |b T502 
100 |a Lê, Anh Tuấn 
245 0 |a Bài giảng môn học công trình xử lý nước thải = 
245 0 |b Wastewater treatment works 
245 0 |c Biên soạn: Lê Anh Tuấn 
260 |a Cần Thơ 
260 |b Đại học Cần Thơ 
260 |c 2000 
520 |a Bài giảng đặc trọng tâm về nguyên lý tính toán và thiết kế cơ bản cho một số hạng mục công trình xử lý nước thải. 
650 |a Sewerage,Hệ thống cống rãnh,Wastewaters,Hydraulic engineering,Kỹ thuật sức nước,Nước thải 
650 |x Purification,Làm sạch 
904 |i Trọng Hiếu 
980 |a Trung tâm Học liệu Trường Đại học Cần Thơ